Kõige suurema rahvaarvuga riigid A-Ü - Statistics

General Stats
  • This quiz has been taken 8 times
  • The average score is 12 of 24
Answer Stats
Täht Rahvaarv Maa % Correct
A 344 644 308 Ameerika Ühendriigid
86%
B 217 142 434 Brasiilia
86%
V 144 155 806 Venemaa
86%
H 1 433 653 389 Hiina
71%
I 1 436 304 549 India
71%
S 83 272 071 Saksamaa
71%
Ü 68 399 614 Ühendkuningriik
71%
E 128 382 207 Etioopia
57%
M 129 003 962 Mehhiko
57%
P 243 236 963 Pakistan
57%
Z 16 872 374 Zimbabwe
57%
F 118 369 678 Filipiinid
43%
G 34 501 602 Ghana
43%
J 122 908 765 Jaapan
43%
N 226 899 842 Nigeeria
43%
O 4 684 815 Omaan
43%
Š 8 828 470 Šveits
43%
U 49 361 607 Uganda
43%
T 86 078 765 Türgi
29%
C 52 232 342 Colombia
14%
D 11 392 352 Dominikaani Vabariik
14%
K 104 199 198 Kongo Demokraatlik Vabariik
14%
L 60 739 467 Lõuna-Aafrika Vabariik
14%
R 19 710 948 Rumeenia
14%
No matching quizzes found
Score Distribution
Percent of People with Each Score
Percentile by Number Answered
Your Score History
You have not taken this quiz